00896nam a2200253Ia 4500003000400000005001700004008004100021020001500062040001800077041000800095082001800103100002800121245006800149250001300217260004400230300002800274650003500302650003400337650003100371700003300402942002700435999001900462952016100481OSt20241004155117.0210716s2004 xx 000 0 und d a8129703424 cAIMIT LIBRARY aeng a382 23bRUGA aRugman, Alan M.9181443 aInternational business /cAlan M Rugman and Richard M Hodgetts. a3rd ed.  aNew Delhi :bPearson Education ,c2004. axxxvi,628.bPBc26.5 cm aInternational politics9181444 aInternational finance9181445 aMarketing strategy9181446 aHodgetts, Richard M.9181447 2ddccBKe3rdk382 RUGA c199142d199142 00102ddc40708MBAaAIMITbAIMITd2005-07-04g395.00iBill no:6563; Bill dt:2005-06-30l0o382 RUGApMBA01707r2026-05-23 00:00:00v316.00w2021-07-16yBK